000 00365nam a2200133Ia 4500
005 20260326100036.0
008 260326s9999||||xx |||||||||||||| ||und||
100 _aLópez Rangel, Rafael
245 0 _aEnrique Yáñez :
_b En la Cultura Arquitectónica Mexicana /
_cRafael López Rangel
260 _bLimusa
300 _a259 p.
650 _aARQUITECTOS
942 _cBK
999 _c6809
_d6809